000 00458nam a2200181Ia 4500
001 16770
005 20260306170335.0
008 260306t2007||||xx |||||||||||||| ||und||
041 _aESP
082 _a349.874
_bM26
100 _aMargadant S., Guillermo Floris
_eAUT
245 0 _aIntroducción a la historia del derecho mexicano
260 _c2007
300 _a296 páginas :
_c23 cm.
650 _aGEN
654 _aCDE
942 _cLIB
_dJUS
_fJUS
_2ddc
_n
999 _c16770
_d16770